لماذا يواجه عباد الشمس الشمس؟ : أسئلة يوجهها الأطفال عن الطبيعة / (رقم التسجيلة. 101892)

تفاصيل مارك
000 -LEADER
fixed length control field 00711nam a22002057a 4500
005 - DATE AND TIME OF LATEST TRANSACTION
control field 20251108173341.0
008 - FIXED-LENGTH DATA ELEMENTS--GENERAL INFORMATION
fixed length control field 250721s1998 xx 000 0 ara d
020 ## - INTERNATIONAL STANDARD BOOK NUMBER
International Standard Book Number 9771603272
082 14 - DEWEY DECIMAL CLASSIFICATION NUMBER
Classification number ط/500/لما
100 1# - MAIN ENTRY--PERSONAL NAME
Personal name غالي، وجدي رزق
Relator term Tran.
245 10 - TITLE STATEMENT
Title لماذا يواجه عباد الشمس الشمس؟ : أسئلة يوجهها الأطفال عن الطبيعة /
264 1# - PRODUCTION, PUBLICATION, DISTRIBUTION, MANUFACTURE, AND COPYRIGHT NOTICE
Place of production, publication, distribution, manufacture بيروت :
Name of producer, publisher, distributor, manufacturer مكتبة لبنان ناشرون،
Date of production, publication, distribution, manufacture, or copyright notice 1998.
300 ## - PHYSICAL DESCRIPTION
Extent 21ص.
490 0# - SERIES STATEMENT
Series statement سلسلة لماذا
650 17 - SUBJECT ADDED ENTRY--TOPICAL TERM
Topical term or geographic name as entry element الحيوانات
650 17 - SUBJECT ADDED ENTRY--TOPICAL TERM
Topical term or geographic name as entry element العلوم الطبيعية
653 ## - INDEX TERM--UNCONTROLLED
Uncontrolled term (سنوات 9-6) أطفال مرحلة متوسطة
942 ## - ADDED ENTRY ELEMENTS (KOHA)
Source of classification or shelving scheme Dewey Decimal Classification
Koha item type كتب
المقتنيات
حالة السحب حالة الفقدان مصدر التصنيف حالة التلف غير قابل للإعارة المكتبة الرئيسية المكتبة الحالية موقع الرف تاريخ التزويد الرقم المتسلسل Total Checkouts رقم الإستدعاء الباركود تاريخ آخر ظهور تاريخ الفاتورة نوع المادة (كوها)
    Dewey Decimal Classification     المكتبة المركزية المكتبة المركزية مقتنيات قسم التزويد 28/07/2025 1190982   ط/500/لما   28/07/2025 28/07/2025 كتب
    Dewey Decimal Classification     المكتبة المركزية المكتبة المركزية الأطفال 08/02/2012 1511150   ط/500/لما PLD00240313 28/07/2025 08/02/2012 كتب
    Dewey Decimal Classification     مكتبة قتيبة للأطفال مكتبة قتيبة للأطفال الأطفال 12/02/2018 1667196   ط/500/لما PLD00417297 28/07/2025 12/02/2018 كتب
    Dewey Decimal Classification     مكتبة أم المؤمنين للأطفال مكتبة أم المؤمنين للأطفال الأطفال 28/07/2025 418190   ط/500/لما 418190 28/07/2025 28/07/2025 كتب
    Dewey Decimal Classification     مكتبة البراءة للأطفال مكتبة البراءة للأطفال الأطفال 26/09/2013 366846   ط/500/لما PLD00279951 28/07/2025 26/09/2013 كتب
    Dewey Decimal Classification     مكتبة بدر الجديدة للأطفال مكتبة بدر الجديدة للأطفال الأطفال 10/10/2015 400802   ط/500/لما PLD00354002 28/07/2025 10/10/2015 كتب
Implemented & Customized by: BBB with SCIT (Smart Chains for Information Technology)

Powered by Koha